000 00313nam a2200109Ia 4500
008 220204s9999 xx 000 0 und d
082 _bFRE
100 _aFreifelded, Morris
245 0 _aCatalytic hydrogenation in organic synthesis: Procedures and commentary
260 _aNew York
_bJohn Wiley
_c1978
942 _cBK
999 _c31361
_d31361